<?xml version="1.0" encoding="UTF-8"?>
<record
    xmlns:xsi="http://www.w3.org/2001/XMLSchema-instance"
    xsi:schemaLocation="http://www.loc.gov/MARC21/slim http://www.loc.gov/standards/marcxml/schema/MARC21slim.xsd"
    xmlns="http://www.loc.gov/MARC21/slim">

  <leader>02692cam a2200301   4500</leader>
  <datafield tag="999" ind1=" " ind2=" ">
    <subfield code="c">1694</subfield>
    <subfield code="d">1694</subfield>
  </datafield>
  <controlfield tag="001">900759</controlfield>
  <controlfield tag="003">OCoLC</controlfield>
  <controlfield tag="005">20180919181125.0</controlfield>
  <controlfield tag="008">740424s1974    miu           001 0 eng  </controlfield>
  <datafield tag="010" ind1=" " ind2=" ">
    <subfield code="a">73017641</subfield>
  </datafield>
  <datafield tag="020" ind1=" " ind2=" ">
    <subfield code="a">0310223903</subfield>
  </datafield>
  <datafield tag="020" ind1=" " ind2=" ">
    <subfield code="a">9780310223900</subfield>
  </datafield>
  <datafield tag="035" ind1=" " ind2=" ">
    <subfield code="a">(OCoLC)900759</subfield>
  </datafield>
  <datafield tag="040" ind1=" " ind2=" ">
    <subfield code="a">DLC</subfield>
    <subfield code="b">eng</subfield>
    <subfield code="c">DLC</subfield>
    <subfield code="d">BAKER</subfield>
    <subfield code="d">XBE</subfield>
    <subfield code="d">OCLCG</subfield>
    <subfield code="d">WY@</subfield>
    <subfield code="d">OCLCO</subfield>
    <subfield code="d">CFT</subfield>
    <subfield code="d">CUL</subfield>
  </datafield>
  <datafield tag="050" ind1="0" ind2="0">
    <subfield code="a">BT77</subfield>
    <subfield code="b">.C452</subfield>
  </datafield>
  <datafield tag="082" ind1=" " ind2=" ">
    <subfield code="a">230</subfield>
    <subfield code="b">C433m</subfield>
  </datafield>
  <datafield tag="092" ind1=" " ind2=" ">
    <subfield code="a">230</subfield>
    <subfield code="b">C4331m 1974</subfield>
  </datafield>
  <datafield tag="100" ind1="1" ind2=" ">
    <subfield code="a">Chafer, Lewis Sperry,</subfield>
    <subfield code="d">1871-1952</subfield>
  </datafield>
  <datafield tag="245" ind1="1" ind2="0">
    <subfield code="a">Major Bible themes;</subfield>
    <subfield code="b">52 vital doctrines of the Scripture simplified and explained.</subfield>
    <subfield code="c">Rev. by John F. Walvoord</subfield>
  </datafield>
  <datafield tag="250" ind1=" " ind2=" ">
    <subfield code="a">Rev. ed</subfield>
  </datafield>
  <datafield tag="260" ind1=" " ind2=" ">
    <subfield code="a">Grand Rapids, Mich.,</subfield>
    <subfield code="b">Zondervan Pub. House</subfield>
    <subfield code="c">[1974]</subfield>
  </datafield>
  <datafield tag="300" ind1=" " ind2=" ">
    <subfield code="a">374 p.</subfield>
    <subfield code="c">23 cm</subfield>
  </datafield>
  <datafield tag="505" ind1="0" ind2=" ">
    <subfield code="a">The Bible: the Word of God -- The Bible: inspired of God -- The Bible: its subject and purpose -- The Bible: as a divine revelation -- God the trinity -- God the father -- God the son: his deity and eternity -- God the son: his incarnation -- God the son: his substitutionary death -- God the son: his resurrection -- God the son: his ascension and priestly ministry -- God the son: his coming for the saints -- God the son: his coming with his saints -- God the Holy Spirit: his personality -- God the Holy Spirit: his advent -- God the Holy Spirit: his regeneration -- God the Holy Spirit: his indwelling and sealing -- God the Holy Spirit: his baptism -- God the Holy Spirit: his filling -- The dispensations -- The covenants -- The angels -- Satan: his personality and power -- Satan: his work and destiny -- Man: his creation --</subfield>
  </datafield>
  <datafield tag="505" ind1="0" ind2=" ">
    <subfield code="a">Man: his fall -- Sin: its character and universality -- Salvation from the penalty of sin -- Salvation from the power of sin -- Four aspects of righteousness -- Sanctification -- Assurance of salvation -- Security of salvation -- Divine election -- The church: her members -- The church: her purpose and commission -- The church: her service and stewardship -- The church: her worship in prayer and thanksgiving -- The church: her organization and ordinances -- The church: the body and bride of Christ and her reward -- The sabbath and the Lord's day -- The gentiles in history and prophecy -- Israel in history and prophecy -- Events preceding the second coming of Christ -- The great tribulation -- The second coming of Christ -- The resurrections -- The judgment of Israel and the nations -- The millennial kingdom -- The judgment of Satan and fallen angels -- The judgment of the great white throne -- The new heaven and the new earth -- Index of subjects -- Scripture index</subfield>
  </datafield>
  <datafield tag="650" ind1=" " ind2="0">
    <subfield code="a">Theology, Doctrinal</subfield>
    <subfield code="v">Popular works</subfield>
  </datafield>
  <datafield tag="700" ind1="1" ind2=" ">
    <subfield code="a">Walvoord, John F</subfield>
  </datafield>
  <datafield tag="942" ind1=" " ind2=" ">
    <subfield code="2">ddc</subfield>
    <subfield code="c">BK</subfield>
  </datafield>
  <datafield tag="952" ind1=" " ind2=" ">
    <subfield code="0">0</subfield>
    <subfield code="1">0</subfield>
    <subfield code="2">ddc</subfield>
    <subfield code="4">0</subfield>
    <subfield code="7">0</subfield>
    <subfield code="8">NFIC</subfield>
    <subfield code="a">HMC</subfield>
    <subfield code="b">HMC</subfield>
    <subfield code="c">GEN</subfield>
    <subfield code="d">2018-09-19</subfield>
    <subfield code="l">0</subfield>
    <subfield code="o">230 C433m</subfield>
    <subfield code="p">003005</subfield>
    <subfield code="r">2018-09-19 00:00:00</subfield>
    <subfield code="w">2018-09-19</subfield>
    <subfield code="y">BK</subfield>
  </datafield>
</record>
